000 00527nam a2200145Ia 4500
008 231129s2004||||xx |||||||||||||| ||spa||
020 _a958-9352-89-8
040 _bspa
082 _a338.7622 C822e
100 _aCoronado Ramí­rez Camilo Ignacio
245 0 _aEvaluación socioeconómica multicriterio de proyectos de desarrollo: Una propuesta metodológica desde la pequeña minerí­a colombiana
260 _c2004
264 _aUniversidad Nacional de Colombia
942 _2ddc
_cBKS
999 _c13748
_d13748